Jak się nazywają te postacie z bajek?? - Statystyki

Ogólne statystyki
  • Ten quiz został rozwiązany 151 razy
  • Średni wynik to 9 z 20
Statystyki odpowiedzi
Obrazkowy Odpowiedź % Poprawnych
Olaf
93%
Tarzan
90%
Piotruś Pan
89%
Kopciuszek
87%
Gucio
84%
Timon
78%
Ważniak
64%
Mała Mi
62%
Scrappy doo
36%
Sknerus McKwacz
36%
Rafiki
30%
Sylwester
30%
Ursula
27%
Jafar
22%
Daphne Blake
10%
Megara
10%
Grzebcio
7%
Wilma Flintstone
7%
Jane Jetson
4%
Klarabella
3%
Nie znaleziono quizów pasujących do podanych kryteriów
Rozkład punktacji
Procent ludzi z każdym wynikiem
Percentyl według liczby udzielonych odpowiedzi
Twoja historia wyników
Nie rozwiązałeś tego quizu